000 01708ncm a2200373 c 4500
003 BLK
005 20250128005550.0
008 180414b bul |a|er|||| |0| c|bulo|
010 _aNOT00003201000
040 _aBLK
041 _aBUL
_cBUL
080 _aЦигулка. Учебна литература. Гами, етюди, технически упр.
_b787.1.087.5
_x
_z787.1.087.5
080 _aДуо за две цигулки
_b785.72:787.1
_x
_z785.72:787.1
700 1 _aИванова, Ана
_eсъстав.
_9374032
139 _aИзбрани етюди за цигулка
_bИ 35
245 1 0 _aИзбрани етюди за цигулка
_bЧ. 1 - 3 За том: За една цигулка и за цигулков дует
_cсъстав. Ана Иванова.
_nЧ. 3
_pТрета позиция
257 _aBGR
260 София
_bНаука и изкуство
_c1957 -
300 _c31 см
380 _a7
500 _aЗабележка към том: Съдържа етюди от Комаровски, Сит, Волфарт, Берио
650 0 _aЦигулка - гами, етюди
_9281152
650 4 _aДуо - две цигулки
_9309789
653 _aцигулка
653 _aетюди
653 _aдве цигулки
760 1 _3на том
_c27 с.
_dСофия, Наука и изкуство, 1957
_h27 с.
_nСъдържа етюди от Комаровски, Сит, Волфарт, Берио
_tЧ. 3 Трета позиция
852 _aЦб М ІІ 238
_p0
856 4 _qpdf
_u
856 4 _qpdf
_u
942 _cNOT
_n0
944 _aCR
_c12.07.2010
_k
_lCRON CRON
944 _aED
_c13.07.2010
_k
999 _c316471
_d316471